Video Games by Year: 2014 - Statistics

General Stats
  • This quiz has been taken 179 times
  • The average score is 6 of 16
Answer Stats
Picture Answer % Correct
Watch Dogs
86%
Assassin's Creed Unity
65%
Kirby: Triple Deluxe
62%
Hearthstone
55%
Bayonetta 2
53%
Far Cry 4
53%
Dark Souls II
46%
inFamous: Second Son
45%
Wolfenstein: The New Order
44%
Castlevania: Lords of Shadow 2
23%
Metal Gear Solid V: Ground Zeroes
19%
The Evil Within
18%
Divinity: Original Sin
12%
The Elder Scrolls Online
7%
The Vanishing of Ethan Carter
5%
Age of Wonders III
2%
No matching quizzes found
Score Distribution
Percent of People with Each Score
Percentile by Number Answered
Your Score History
You have not taken this quiz